Mặt trời đồng xu : ( Truyện ngắn chọn lọc )
Nội dung sách là 1 tập truyện ngắn nổi tiếng của Nguyễn Bản như Mặt trời đồng xu, Ánh trăng, Chuồn chuồn đi đón cơn mưa,... Truyện ngắn của ông được nhiều giải thưởng và được dịch ra nhiều thứ tiếng....
محفوظ في:
| المؤلف الرئيسي: | |
|---|---|
| التنسيق: | كتاب |
| اللغة: | Undetermined |
| منشور في: |
Hà Nội
Công an nhân dân
2007
|
| الموضوعات: | |
| الوسوم: |
إضافة وسم
لا توجد وسوم, كن أول من يضع وسما على هذه التسجيلة!
|
| Thư viện lưu trữ: | Trung tâm Học liệu Trường Đại học Cần Thơ |
|---|
| LEADER | 01081nam a2200241Ia 4500 | ||
|---|---|---|---|
| 001 | CTU_129236 | ||
| 008 | 210402s9999 xx 000 0 und d | ||
| 020 | |c 36000 | ||
| 082 | |a 895.9223008 | ||
| 082 | |b B105 | ||
| 100 | |a Nguyễn, Bản | ||
| 245 | 0 | |a Mặt trời đồng xu : | |
| 245 | 0 | |b ( Truyện ngắn chọn lọc ) | |
| 245 | 0 | |c Nguyễn Bản | |
| 260 | |a Hà Nội | ||
| 260 | |b Công an nhân dân | ||
| 260 | |c 2007 | ||
| 520 | |a Nội dung sách là 1 tập truyện ngắn nổi tiếng của Nguyễn Bản như Mặt trời đồng xu, Ánh trăng, Chuồn chuồn đi đón cơn mưa,... Truyện ngắn của ông được nhiều giải thưởng và được dịch ra nhiều thứ tiếng. | ||
| 650 | |a Vietnamese literature,Vietnamese literature,Short stories, vietnamese,Văn học Việt Nam | ||
| 650 | |x Collections,Bộ sưu tập | ||
| 650 | |y 20th century,Thế kỷ 20 | ||
| 904 | |i Giang | ||
| 980 | |a Trung tâm Học liệu Trường Đại học Cần Thơ | ||